000 00622nam a22002057a 4500
008 150617b xxu||||| |||| 00| 0 eng d
020 _a9781452217390
041 0 _aeng
080 _a658
100 1 _aHisrich, Robert D.
245 1 0 _aInternational entrepreneurship :
_cRobert D. Hisrich.
250 _a2nd ed.
260 _aThousand Oaks, CA :
_bSAGE Publications,
_c2013.
300 _a519 f. :
_bme il.;
_c23 cm.
500 _aPreface: f.xi
505 _aIndex: f.509-518
650 0 _aNdërmarrësi
650 0 _aBiznesi ndërkombëtarë
942 _2udc
_cBK
999 _c1060
_d1060